| 000 | 00432nam a2200181Ia 4500 | ||
|---|---|---|---|
| 008 | 200601s9999 xx 000 0 und d | ||
| 020 | _a0-00-615688-6 | ||
| 050 | _aFIC Am1I | ||
| 050 | _b1962 | ||
| 100 | _aAmbler, Eric | ||
| 245 | 4 | _aThe Light of day / | |
| 245 | 0 | _cEric Ambler. | |
| 260 | _aGreat Britain : | ||
| 260 | _bWilliam Collins Sons & Co. Ltd. | ||
| 260 | _c1962 | ||
| 300 | _a220 pages : | ||
| 300 | _c18 cm. | ||
| 999 |
_c363464 _d363464 |
||